000 00759nam a2200253Ia 4500
003 OSt
005 20220918191748.0
006 a|||||r|||| 00| 0
007 ta
008 220917b |||||||| |||| 00| 0 eng d
024 _a64,957
037 _cTextual
040 _aARTS
_cARTS
_beng
041 _2eng
_aeng
082 _aQ4p1,N79, L9.5
100 _aJatti B D
_977138
110 _aInternational Buddhist Conference ,1978 (Bodh-Gaya)
_977139
245 0 _aProceedings
260 _aBodh-Gaya
_bInternational Buddhist Brotherhood Association
_c1979
650 _aRELIGION
700 _aInternational Buddhist Conference ,1978 (Bodh-Gaya)
_977140
942 _hQ4p1,N79, L9.5
_cTEXL
_2CC
999 _c191298
_d191298